|
|
|
|
| LEADER |
00839nam a22002177a 4500 |
| 020 |
|
|
|a 9788171392223
|
| 082 |
|
|
|a H333.707 2
|b PRI/S
|
| 100 |
|
|
|a प्रिय रंजन त्रिवेदी
|
| 100 |
|
|
|a उत्तम कुमार सिंह
|
| 245 |
|
|
|a शोध विधि विज्ञानं एवं प्रणाली विश्लेषण
|
| 250 |
|
|
|a 1
|
| 260 |
|
|
|a New Delhi:
|b Jnanada,
|c 2008
|
| 300 |
|
|
|a 128p.
|
| 650 |
|
|
|a Shodh vidhi vigyan evam pranali vishleshan
|
| 650 |
|
|
|a Social research
|
| 650 |
|
|
|a Environment- research
|
| 700 |
|
|
|a Priya Ranjan Trivedi
|
| 700 |
|
|
|a Utham Kumar Singh
|
| 942 |
|
|
|c BK
|
| 999 |
|
|
|c 42120
|d 42120
|
| 952 |
|
|
|0 0
|1 0
|4 0
|6 H_333_707000000000000_2_PRIS
|7 0
|8 Stack
|9 45752
|a KUCL
|b KUCL
|c H
|d 2016-10-06
|g 350.00
|l 0
|o H333.707 2 PRI/S
|p 34407
|r 2016-10-06
|w 2016-10-06
|y BK
|